| 000 | 00447nam a2200169Ia 4500 | ||
|---|---|---|---|
| 008 | 180207s9999 xx 000 0 und d | ||
| 020 | _a843124865 | ||
| 050 | _bN4273 1989 | ||
| 100 | _aNelson, JoAnne. | ||
| 245 | 2 | _aA tiger came to dinner / | |
| 245 | _cJoAnne Nelson ; pictures by Jim Bennett. | ||
| 260 | _aCalifornia : | ||
| 260 | _bMcClanahan & Co., Inc., | ||
| 260 | _c1989 | ||
| 300 | _a24 pages : | ||
| 300 | _bcolor illustration ; | ||
| 999 |
_c355197 _d355197 |
||